[Event "Stockerau-Open 2010 A-Turnier"]
[Site "Stockerau"]
[Date "2010.05.16"]
[Round "5"]
[White "Andrejevski, Branko"]
[Black "Rauch, Christian"]
[Result "0-1"]
[WhiteElo "1833"]
[BlackElo "1920"]
[PlyCount "67"]
[EventDate "2010.05.13"]
[EventType "swiss"]
[EventCountry "AUT"]

1. d4 Nf6 2. c4 e6 3. Nc3 d5 4. Nf3 c6 5. cxd5 exd5 6. Bg5 Bb4 7. a3 Be7 8. g3
O-O 9. Bg2 h6 10. Bf4 a5 11. O-O Re8 12. Re1 Bf5 13. Ne5 Nh5 14. Bd2 Nf6 15.
Rc1 Nbd7 16. Na4 Nxe5 17. dxe5 Nd7 18. e4 dxe4 19. Bxe4 Bxe4 20. Rxe4 Bf8 21.
Qe2 b5 22. Rxc6 bxa4 23. Bc3 Nc5 24. Rg4 Re6 25. Qf3 Rxc6 26. Qxc6 Qd1+ 27. Kg2
Qxg4 28. Qxa8 Nd3 29. f3 Qc4 30. Bxa5 Qc2+ 31. Kh3 Nf2+ 32. Kg2 Ne4+ 33. Kh3
Ng5+ 34. Kg4 0-1